Älteste Städte Deutschlands - Statistiken

Allgemein
  • Dieses Quiz wurde 205 mal gespielt
  • Das Durchschnittsergebnis liegt bei 5 aus 13
Antwortstatistiken
Antwort % Korrekt
Köln
90%
Trier
85%
Mainz
58%
Bonn
56%
Augsburg
52%
Koblenz
49%
Worms
44%
Speyer
36%
Xanten
29%
Neuss
21%
Kempten
14%
Andernach
5%
Wetzlar
1%
Keine übereinstimmenden Quizze gefunden
Verteilung der Resultate
Anzahl Personen mit jedem Resultat
Perzentil nach korrekt beantworteten Fragen
Ihre Resultats-Entwicklung
Sie haben dieses Quiz noch nicht gespielt